Organisation des services et des établissements pénitentiaires en France / (Record no. 154176)

MARC details
000 -LEADER
campo de control de longitud fija 01108nam a2200217 i 4500
001 - NÚMERO DE CONTROL
campo de control 154176
003 - IDENTIFICADOR DE NÚMERO DE CONTROL
campo de control ES-MaACL
005 - FECHA Y HORA DE LA ÚLTIMA TRANSACCIÓN
campo de control 20250719062538.0
008 - DATOS DE LONGITUD FIJA--INFORMACIÓN GENERAL
campo de control de longitud fija 040719s1885 fr |||| | fre d
110 1# - ENTRADA PRINCIPAL--NOMBRE DE ENTIDAD CORPORATIVA
Nombre de entidad corporativa o nombre de jurisdicción como elemento de entrada Francia.
Unidad subordinada Ministère de l'Intérieur.
9 (RLIN) 134396
245 10 - MENCIÓN DEL TÍTULO
Título Organisation des services et des établissements pénitentiaires en France /
Mención de responsabilidad, etc. exposé général présenté par L. Herbette.
260 ## - PUBLICACIÓN, DISTRIBUCIÓN, ETC.
Lugar de publicación, distribución, etc. Paris :
Nombre del editor, distribuidor, etc. [s.n.],
Fecha de publicación, distribución, etc. 1885 (
Fabricante Imp. de E. Perreau)
300 ## - DESCRIPCIÓN FÍSICA
Extensión 30 p. ;
Dimensiones 26 cm.
650 #4 - PUNTO DE ACCESO ADICIONAL DE MATERIA--TÉRMINO DE MATERIA
Término de materia o nombre geográfico como elemento de entrada Establecimientos penitenciarios-
Subdivisión geográfica Francia.
9 (RLIN) 143319
700 1# - ENTRADA AGREGADA--NOMBRE PERSONAL
Nombre de persona Herbette, Louis.
9 (RLIN) 127867
852 ## - LOCALIZACIÓN
Ubicación ES-MaACL
Número de control de estantería D-68(4)
Sublocalización o colección R.FOLL.1/4
Ubicación en estantería Sala Valle Inclán
Marcas de propiedad Sello en tinta en portada: "Donativo del Sr. Lastres al Ateneo de Madrid. 1907"
Anotaciones manuscritas Anotación manuscrita en portada: "Folletos penitenciarios. Tomo 8"
Donativo/Legado Donación: Francisco Lastres y Juiz
Encuadernación Encuadernación holandesa
-- Encuadernado con otras obras formando un volumen facticio
itemnumber 159815
903 ## - NOMBRE PERSONAL DE DONANTE
a Lastres y Juiz, Francisco,
d 1848-1918
q 1
e Donante
9 70504
942 ## - ELEMENTOS DE ENTRADA SECUNDARIOS (KOHA)
Fuente del sistema de clasificación o colocación Clasificación decimal universal
Tipo de ítem Koha Folleto
Holdings
Estatus retirado Estado de pérdida Fuente del sistema de clasificación o colocación Estado de daño No para préstamo Colección Biblioteca de origen Biblioteca actual Ubicación en estantería Fecha de adquisición Fuente de adquisición Total de préstamos Signatura topográfica completa Código de barras Visto por última vez Precio de reemplazo Tipo de ítem Koha
    Clasificación decimal universal     Colección de folletos Biblioteca del Ateneo de Madrid Biblioteca del Ateneo de Madrid Sala Valle Inclán 17/01/2008 Donación   D-68(4) 901161214 23/02/2023 23/02/2023 Folleto